| 000 | 00635cab a2200217 4500 | ||
|---|---|---|---|
| 001 | WB3341-08 | ||
| 008 | 090401t1997 xxu||||| |||| 00| 0 eng d | ||
| 035 | _a(Sirsi) u81637 | ||
| 041 | _aeng | ||
| 245 | _a£14bn tunnel plan | ||
| 260 | _c1997 | ||
| 350 | _a0 | ||
| 490 |
_aContract Journal _v391(6148) 22 October 1997, 1(1) |
||
| 520 | _aA £14bn plan to link Ireland with mainland UK by a 90km tunnel has been proposed by engineering consultancy Symonds Group. | ||
| 650 | _aIRELAND | ||
| 650 | _aSYMONDS GROUP | ||
| 650 | _aTUNNELS | ||
| 690 | _aBUILDING AND CONSTRUCTION-PROJECTS | ||
| 942 | _n0 | ||
| 948 | _c22/10/1997 | ||
| 999 |
_c51453 _d51453 |
||